[Event "Egypt op"]
[Site "Egypt"]
[Date "2009.07.21"]
[Round "2"]
[White "Tahoun, Emad"]
[Black "Morsy, Nader"]
[Result "1-0"]
[WhiteElo "2169"]
[BlackElo "1602"]
[PlyCount "47"]
[EventDate "2009.07.20"]
[EventType "swiss"]
[EventRounds "9"]
[EventCountry "EGY"]
[SourceTitle "EXT 2011"]
[Source "ChessBase"]
[SourceDate "2010.11.26"]
[SourceVersion "1"]
[SourceVersionDate "2010.11.26"]
[SourceQuality "1"]

1. d4 d5 2. Nf3 e6 3. e3 a6 4. Bd3 Nf6 5. 0-0 Bd6 6. b3 Nbd7 7. Bb2 b5 8. Nbd2 Bb7 9. a4 c6 10. Ne5 0-0 11. f4 bxa4 12. Rxa4 Qc7 13. Rf3 g6 14. Rh3 Kg7 15. g4 c5 16. g5 Ng8 17. Nxd7 Qxd7 18. dxc5+ e5 19. f5 Bc7 20. f6+ Nxf6 21. gxf6+ Kg8 22. Rah4 h5 23. Rxh5 gxh5 24. Qxh5 1-0

[Event "Tanta op 5th"]
[Site "Tanta"]
[Date "2002.05.21"]
[Round "8"]
[White "Ezat, Mohamed Mahmoud"]
[Black "Tahoun, Emad"]
[Result "1-0"]
[WhiteElo "2324"]
[BlackElo "2097"]
[PlyCount "65"]
[EventDate "2002.05.13"]
[EventType "swiss"]
[EventRounds "9"]
[EventCountry "EGY"]
[SourceTitle "CBM 088 Extra"]
[Source "ChessBase"]
[SourceDate "2002.07.01"]
[SourceVersion "2"]
[SourceVersionDate "2002.07.01"]
[SourceQuality "1"]

1. d4 Nf6 2. c4 c5 3. d5 e5 4. Nc3 d6 5. e4 g6 6. Nf3 Bg7 7. Be2 0-0 8. 0-0 Bg4 9. Ne1 Bxe2 10. Qxe2 Nh5 11. Nd3 Nd7 12. Bd2 a6 13. a3 Nb6 14. g4 Nf6 15. b3 Qd7 16. h3 Ne8 17. Rac1 f5 18. gxf5 gxf5 19. f4 fxe4 20. Nxe4 exf4 21. Nxf4 Nc7 22. Ng5 Kh8 23. Qh5 Bd4+ 24. Kh1 Rf6 25. Nfe6 Nxe6 26. dxe6 Qg7 27. Rxf6 Bxf6 28. Nf7+ Kg8 29. Bh6 Nc8 30. Bxg7 Bxg7 31. Nh6+ Bxh6 32. Qf7+ Kh8 33. Qf6+ 1-0

[Event "Tanta op 5th"]
[Site "Tanta"]
[Date "2002.05.16"]
[Round "4"]
[White "Tahoun, Emad"]
[Black "Sameeh, Hany"]
[Result "0-1"]
[WhiteElo "2097"]
[BlackElo "2333"]
[PlyCount "103"]
[EventDate "2002.05.13"]
[EventType "swiss"]
[EventRounds "9"]
[EventCountry "EGY"]
[SourceTitle "CBM 088 Extra"]
[Source "ChessBase"]
[SourceDate "2002.07.01"]
[SourceVersion "2"]
[SourceVersionDate "2002.07.01"]
[SourceQuality "1"]

1. d4 Nf6 2. Nf3 g6 3. c4 Bg7 4. Nc3 d5 5. e3 0-0 6. Bd3 c5 7. 0-0 cxd4 8. exd4 Nc6 9. h3 dxc4 10. Bxc4 Bf5 11. Be3 Rc8 12. Rc1 Na5 13. Be2 Nc4 14. Bxc4 Rxc4 15. Qb3 Rc7 16. Rfe1 Ne4 17. d5 Nxc3 18. bxc3 b6 19. c4 Qd6 20. Nd4 Bd7 21. Ne2 Rfc8 22. a4 Be5 23. a5 bxa5 24. c5 Rxc5 25. Bxc5 Rxc5 26. Rxc5 Qxc5 27. Qe3 Qxe3 28. fxe3 a4 29. Nd4 f5 30. Rb1 a6 31. Nc6 Bd6 32. Rb7 a3 33. Rb6 Bc8 34. Nb4 Kf7 35. Nc2 a5 36. Rb1 Kf6 37. Ra1 Ke5 38. Nxa3 Kxd5 39. Nb5 Bb4 40. Nd4 Bd7 41. Rd1 Ba4 42. Ra1 Be8 43. Kf2 a4 44. Ke2 e5 45. Nc2 Bc3 46. Rb1 e4 47. Rb7 h5 48. Na3 Bc6 49. Rb1 Kc5 50. Kd1 Be5 51. Nc2 Bb5 52. Kd2 0-1